Quizzes
Events
Quiz Creation
Community
Videos
Private Events
Remove Ads
Sign In
Join for FREE
Feedback
Dark Mode
Quiz Categories
Sports
Geography
Music
Movies
Television
Just For Fun
Miscellaneous
History
Literature
Language
Science
Gaming
Entertainment
Religion
Holiday
For Kids
Quiz Lab
Recent
Popular Today
Quiz Kudos Today
Editor Picks
Curator Picks
Quizzes by...
Day
Popularity
Type
Ratings
Length
Year
Community
Subscriptions
Recent Discussions
Orange Saloon
Badges
Playlists
Quests
Create
Leaderboards
Showdown
Live 5
Trivia Bingo
Activity
Puzzle Library
Sporcle Events
Private Events
Virtual Trivia
Globe League
Become a Host
Pub Owners
SporcleCon
Opinionation
Our Games
Videos
Blog
Mobile Apps
Partnerships
Remove Ads and Go Orange
Feedback
Sports
Athletes
MLB
NBA
NHL
NFL
Soccer
Sports Teams
WWE
NCAA
Football
Premier League
Basketball
Baseball
Hockey
Golf
Tennis
Cricket
Rugby
Auto Racing
Olympics
World Cup
Sports
Athletes
MLB
NBA
NHL
NFL
Soccer
Sports Teams
WWE
NCAA
Football
Premier League
Basketball
Baseball
Hockey
Golf
Tennis
Cricket
Rugby
Auto Racing
Olympics
World Cup
Random Quiz
Search Sporcle
×
Quiz Lab
Quiz Lab
Sports
College
Type in answers that appear in a list
Type in answers that appear in a list
Classic
Best Score? Go Orange.
Nike Sponsored Basketball Colleges D-1 Stats
Can you name the Nike Sponsored D-1 Basketball Colleges?
By
mountieman31
10m
85 Questions
247 Plays
247 Plays
247 Plays
Comments
Comments
Give Quiz Kudos
Give Quiz Kudos
-
- Ratings
hide this ad
More Info
Replay
Link that replays current quiz
Next Quiz
Link to next quiz in quiz playlist
You Got
0%
They Got
Avg Score
45%
Avg Friend Score
Upgrade to see
Score Distribution
Jump to the score distribution portion of the page
Score
0/85
Timer
10:00
0
Plays Today
% Correct
Duke
81.4%
Texas
77.7%
Florida
77.3%
North Florida
77.3%
Central Florida
77.3%
Oregon
76.9%
Michigan State
74.5%
Alabama
73.7%
North Carolina
71.3%
Ohio State
70.4%
Arizona
70%
Kentucky
69.2%
Oregon State
65.2%
USC
65.2%
Washington
64.8%
Florida State
63.6%
Georgia
63.6%
Miami OH
62.8%
Oklahoma
62.8%
West Virginia
61.9%
Syracuse
61.1%
Iowa
60.3%
Ole Miss
59.5%
Arizona State
58.3%
Virginia
57.9%
Washington State
57.9%
Arkansas
57.1%
Miami
57.1%
Oklahoma State
56.3%
% Correct
Southern Miss
56.3%
Kansas State
55.9%
LSU
54.7%
California
54.3%
Penn State
54.3%
Illinois
53.8%
Colorado
51%
Missouri
50.6%
Stanford
49.4%
Iowa State
49%
Georgetown
48.6%
Connecticut
47%
Minnesota
47%
Virginia Tech
46.6%
Purdue
44.5%
Villanova
44.1%
Pittsburgh
43.7%
BYU
42.9%
Rutgers
40.9%
TCU
40.9%
UNLV
40.9%
Boise State
40.5%
New Mexico
40.5%
Wake Forest
38.9%
Marquette
38.5%
Butler
38.1%
Clemson
38.1%
Gonzaga
38.1%
Vanderbilt
37.2%
% Correct
Memphis
36.8%
Harvard
35.6%
Xavier
35.2%
San Diego State
34.4%
San Diego
34%
Wyoming
34%
Air Force
32.8%
St. John's
31.6%
Houston
30%
Army
29.6%
Navy
28.3%
Princeton
27.1%
Idaho
26.3%
Fresno State
25.9%
Creighton
23.5%
Rice
19.8%
Ball State
19%
Illinois State
18.2%
UAB
16.2%
Toledo
12.6%
Davidson
12.1%
American
10.5%
Florida Atlantic
10.1%
Old Dominion
7.3%
St. Francis
5.7%
Liberty
4.5%
North Carolina A&T
3.6%
Quiz Playlist
Details
Report
Send in Message
Add To Playlist
More Info:
Can you name the D-1 Men's Basketball teams that are sponsored by Nike?
Classic:
Type in answers that appear in a list
Last Updated: Feb 16, 2017
Quiz Scoreboard
CHALLENGE
Sign Up to Join the Scoreboard
Show All
Scores
Hide
Comments
May contain spoilers
Recently Published
Billboard Blitz: Fleetwood Mac
by CooCooCachoo
Music
15s
Presidents Visiting Landmarks
by Hejman
History
7m
An Introduction to Baseball
by treessimontrees
Sports
5m
More to Explore
Quiz From the Vault
Featured Blog Post
Where Did the Easter Bunny Come From?
hide this ad
You Might Also Like...
Tags
Basketball Quiz
College Quiz
D-I
nike
Sponsored
Today's Top Quizzes in Sports
Browse Sports
hide this ad
Today's Top Quizzes in College
Browse College
Top Contributed Quizzes in Sports
1
Les meilleurs buteurs des matchs entre le PSG et l’OM
2
2022 World Cup Stars
3
FIFA Club World Cup Champions
4
Les entraîneurs de l'OM et du PSG au 21e siècle
5
Criteria MLB: Left Handed Sluggers
6
AFC Teams Reveal (Wrong Answers Minefield)
7
5-to-1: UK Sports Teams
8
Name the Premier League winners with different clubs
9
5-to-1: FBS Animal Nicknames
10
Players with Multiple 50 Home Run Seasons
Explore More
Trending Topics
Disney
NBA
Anime
Harry Potter
Marvel
Crossword
Kpop
Country
Soccer
WWE
The Office
Puzzle
NFL
Song
Pokémon
hide this ad
More By:
mountieman31
Quiz
Plays
Rating
Category
Featured
Created
2000-2012 NCAA Men's Final Four MOP's
2,643
1.67
Sports
Apr 24, 2012
Ultimate NBA Alma Mater Quiz
618
4.33
Sports
Aug 13, 2012
Ultimate NFL Alma Mater Quiz 2
390
5.00
Sports
Oct 30, 2014
Slam Magazine cover athletes
379
1.40
Sports
Mar 11, 2011
Ultimate NBA Alma Mater Quiz 2
317
5.00
Sports
Oct 27, 2014
Go to Creator's Profile
Score Distribution
Quiz Creator Spotlight
mountieman31
Follow
Send a Message
Quizzes Created
-
Created Quiz Play Count
-
More By This Creator
Popular Quizzes Today
1
Find the US States - No Outlines Minefield
2
Find the Countries of Europe - No Outlines Minefield
3
The Countries of the World
4
Find the US States
5
Risky Map Clicking: Biggest States A-Z
6
US States
7
Popular People in 1961
8
Movies - When Are They Set?
More Sports Quizzes
Faces of Sports
Curator's Pick
Trending Quizzes
Risky Map Clicking: Least Populous States A-Z
1-10 Letter G Words
1-10 Letter F Words
Risky Map Clicking: Next State Alphabetically
Click the Washington State Counties! (Map)
Recently Updated
Leaping Animals
pecheneg
Reality TV Shows (A-Z)
bhenderson79
Rickey Henderson's Hall of Fame Teammates
pecheneg
Champions League XIs: Arsenal
pecheneg
Quick Pick: Celebrities in WWE's Hall of Fame
aduchscher
A-Z Keypad Blitz II
pecheneg
Multiple Oscar Actors
pecheneg
Mystery Phrase Blitz: Oscar 'Best Actors'
pecheneg
F. Scott Fitzgerald Novels
LTH
Pick 3 Villains
ddd62291
Trending Topics
Kpop
Disney
Crossword
Anime
Harry Potter
Marvel
NBA
NFL
Soccer
Country
WWE
Song
The Office
Puzzle
Pokémon
Your Account Isn't Verified!
In order to create a playlist on Sporcle, you need to verify the email address you used during registration. Go to your
Sporcle Settings
to finish the process.
Report this User
Report this user for behavior that violates our
Community Guidelines
.
Details:
Send Report
Go to the Sporcle.com Mobile Site →
Comments